[Event "Titled Tuesday intern op 14th Mar Late"]
[Site "Chess.com INT"]
[Date "2023.03.14"]
[Round "1"]
[White "Piesik, Piotr"]
[Black "Harris, Ian"]
[Result "1-0"]
[WhiteElo "2437"]
[BlackElo "2145"]
[PlyCount "81"]
[EventDate "2023.03.14"]
[EventType "swiss (blitz)"]
[EventRounds "11"]
[EventCountry "USA"]
[SourceTitle "EXT 2024"]
[Source "ChessBase"]
[SourceDate "2023.10.10"]
[SourceVersion "1"]
[SourceVersionDate "2023.10.10"]
[SourceQuality "1"]

1. Nf3 Nf6 2. g3 g6 3. Bg2 Bg7 4. 0-0 0-0 5. d4 d6 6. Nbd2 Nbd7 7. e4 e5 8. dxe5 dxe5 9. Qe2 c6 10. a4 Re8 11. b3 Qc7 12. Bb2 a5 13. Rfd1 b6 14. Qe1 Ba6 15. Bf1 Bxf1 16. Kxf1 Nc5 17. Qe3 Rad8 18. Kg2 Rd7 19. Ba3 Ne6 20. Nc4 Nd4 21. Rac1 Nxf3 22. Qxf3 c5 23. Rxd7 Nxd7 24. Rd1 Nb8 25. Nd6 Re6 26. Nb5 Qe7 27. Bc1 Nc6 28. c3 h6 29. h4 Kh7 30. h5 Rf6 31. Qg4 Qe6 32. Qxe6 Rxe6 33. Rd7 Kg8 34. Rb7 Nd8 35. Rb8 Bf6 36. hxg6 fxg6 37. Nc7 Rd6 38. Ne8 Rd1 39. Nxf6+ Kf7 40. Nd5 Ne6 41. Bxh6 1-0

[Event "Titled Tuesday intern op 31st May Early"]
[Site "Chess.com INT"]
[Date "2022.05.31"]
[Round "5"]
[White "Harris, Ian"]
[Black "Kairbekova, Amina"]
[Result "0-1"]
[WhiteElo "2177"]
[BlackElo "2189"]
[PlyCount "134"]
[EventDate "2022.05.31"]
[EventType "swiss (blitz)"]
[EventRounds "11"]
[EventCountry "USA"]
[SourceTitle "CBM 208 Extra"]
[Source "ChessBase"]
[SourceDate "2022.07.31"]
[SourceVersion "1"]
[SourceVersionDate "2022.07.31"]
[SourceQuality "1"]

1. e4 e5 2. Nf3 Nc6 3. d4 exd4 4. Bc4 Nf6 5. e5 d5 6. Bb5 Ne4 7. Nxd4 Bc5 8. Bxc6+ bxc6 9. 0-0 Ba6 10. Re1 0-0 11. f3 Ng5 12. Be3 Bb7 13. f4 Ne4 14. Nd2 Qd7 15. Nxe4 dxe4 16. c3 Rad8 17. Qc2 Qd5 18. a4 Ba6 19. Rad1 Bd3 20. Qf2 f5 21. b4 Bxd4 22. Bxd4 a6 23. a5 Qc4 24. Re3 Rfe8 25. Rh3 h6 26. Rg3 Re6 27. Rh3 Rg6 28. Kh1 Qb3 29. Rg1 Qe6 30. Rg3 Re8 31. Rxg6 Qxg6 32. Qh4 Bc4 33. g4 Bd5 34. Be3 fxg4 35. Rxg4 Qf5 36. Qg3 Re7 37. h3 Rf7 38. Kh2 Qd7 39. Rg6 Bc4 40. Bd4 Be6 41. h4 Bf5 42. Rxh6 c5 43. bxc5 Qb5 44. e6 Qe2+ 45. Qg2 Qxg2+ 46. Kxg2 Re7 47. Rh5 g6 48. Rg5 Rxe6 49. h5 Kf7 50. hxg6+ Rxg6 51. Rxg6 Bxg6 52. Kf2 Ke6 53. Ke3 Kd5 54. Be5 c6 55. Bd6 Bf5 56. Be7 Kc4 57. Bd8 Kxc3 58. Bb6 Kc4 59. Ke2 Kd4 60. Kd2 e3+ 61. Ke1 Bg4 62. Ba7 Ke4 63. Bb8 Kd5 64. Bd6 Kc4 65. Be7 Kb5 66. Bf6 Kxc5 67. Bd4+ Kxd4 0-1

[Event "Titled Tuesday intern op 01st Mar Early"]
[Site "Chess.com INT"]
[Date "2022.03.01"]
[Round "3"]
[White "Agasarov, Benik"]
[Black "Harris, Ian"]
[Result "1-0"]
[WhiteElo "2249"]
[BlackElo "2177"]
[PlyCount "53"]
[EventDate "2022.03.01"]
[EventType "swiss (blitz)"]
[EventRounds "11"]
[EventCountry "USA"]
[SourceTitle "CBM 207 Extra"]
[Source "ChessBase"]
[SourceDate "2022.05.31"]
[SourceVersion "1"]
[SourceVersionDate "2022.05.31"]
[SourceQuality "1"]

1. e4 e5 2. Nf3 Nc6 3. Bc4 Nf6 4. d3 h6 5. c3 d6 6. Nbd2 g5 7. Nf1 Bg7 8. Ng3 a5 9. a4 Be6 10. Bb5 0-0 11. 0-0 g4 12. Ne1 Kh7 13. Nc2 Nd7 14. Ne3 Nf6 15. Nef5 Bxf5 16. Nxf5 Rg8 17. Qd2 h5 18. Qg5 Bf8 19. Qh4 Rg6 20. Bg5 Bg7 21. Bc4 d5 22. Bxd5 Nxd5 23. Bxd8 Nf4 24. Bg5 Ne2+ 25. Kh1 f6 26. Qxh5+ Bh6 27. Bxh6 1-0

[Event "Titled Tuesday intern op 07th Dec"]
[Site "Chess.com INT"]
[Date "2021.12.07"]
[Round "8"]
[White "Harris, Ian"]
[Black "Ronka, Erik"]
[Result "1/2-1/2"]
[WhiteElo "2177"]
[BlackElo "2345"]
[PlyCount "137"]
[EventDate "2021.12.07"]
[EventType "swiss (blitz)"]
[EventRounds "11"]
[EventCountry "USA"]
[SourceTitle "CBM 205 Extra"]
[Source "ChessBase"]
[SourceDate "2022.01.31"]
[SourceVersion "1"]
[SourceVersionDate "2022.01.31"]
[SourceQuality "1"]

1. e4 c6 2. Nc3 d5 3. d3 e5 4. g3 Nf6 5. Bg2 Bc5 6. Nge2 0-0 7. 0-0 Bg4 8. h3 Be6 9. Kh2 dxe4 10. dxe4 Qxd1 11. Nxd1 Na6 12. Bg5 Nd7 13. c3 Bb6 14. Be3 Rfd8 15. f4 f6 16. Rf2 Bxe3 17. Nxe3 Nb6 18. fxe5 fxe5 19. Ng1 Nc5 20. b4 Nca4 21. Nf3 Nxc3 22. Nxe5 Re8 23. Nd3 Bf7 24. Nc5 Rab8 25. a4 Nc8 26. a5 b6 27. Na6 Rb7 28. Raf1 Rbe7 29. axb6 axb6 30. Nf5 Ra7 31. b5 Nxb5 32. Nb4 Rc7 33. Rc1 c5 34. Nd3 Ncd6 35. Nf4 Nxf5 36. exf5 Nd4 37. Nd5 Bxd5 38. Bxd5+ Kh8 39. f6 gxf6 40. Rxf6 Re2+ 41. Kg1 b5 42. Rb6 b4 43. h4 Rd7 44. Ba8 Nb3 45. Rf1 Kg7 46. g4 Rde7 47. g5 Re1 48. h5 Rxf1+ 49. Kxf1 Nd4 50. Kf2 Ne6 51. h6+ Kg6 52. Bd5 Kxg5 53. Bxe6 Kf4 54. Bc4 Kg5 55. Kf3 Rd7 56. Bg8 Rd4 57. Bxh7 Rf4+ 58. Ke3 Rf6 59. Rxf6 Kxf6 60. Bg8 Kg6 61. h7 Kg7 62. Kd3 Kh8 63. Kc4 b3 64. Kxb3 c4+ 65. Kxc4 Kg7 66. Kd5 Kh8 67. Ke5 Kg7 68. Ke6 Kh8 69. Kf7 1/2-1/2

[Event "Titled Tuesday intern op 02nd Nov"]
[Site "Chess.com INT"]
[Date "2021.11.02"]
[Round "3"]
[White "Harris, Ian"]
[Black "Atakhan, Abtin"]
[Result "0-1"]
[WhiteElo "2177"]
[BlackElo "2319"]
[PlyCount "116"]
[EventDate "2021.11.02"]
[EventType "swiss (blitz)"]
[EventRounds "11"]
[EventCountry "USA"]
[SourceTitle "CBM 205 Extra"]
[Source "ChessBase"]
[SourceDate "2022.01.31"]
[SourceVersion "1"]
[SourceVersionDate "2022.01.31"]
[SourceQuality "1"]

1. e4 c5 2. d4 cxd4 3. c3 d3 4. Bxd3 Nc6 5. c4 g6 6. Nc3 Bg7 7. Nf3 d6 8. Be3 Nf6 9. h3 0-0 10. 0-0 Ne5 11. Nxe5 dxe5 12. Qc2 Be6 13. Rfd1 Qc8 14. Rac1 Nh5 15. Nd5 Re8 16. Be2 Bxd5 17. exd5 Nf4 18. Bxf4 exf4 19. Bf3 Qc5 20. b4 Qxb4 21. Rb1 Qc5 22. Rxb7 Rab8 23. Rdb1 Rxb7 24. Rxb7 Rc8 25. Qb3 Bd4 26. Rb8 Bxf2+ 27. Kf1 Be3 28. Be2 Rxb8 29. Qxb8+ Kg7 30. Qe5+ f6 31. Qc3 Bd4 32. Qf3 Be3 33. Qe4 Qa3 34. Qc2 Bc5 35. Bd3 a5 36. Ke2 Qb4 37. Qd2 Qa3 38. Qc2 Bd6 39. Kd2 Qc5 40. Qd1 Qe3+ 41. Kc2 Be5 42. Qe2 Qd4 43. Kc1 Qa1+ 44. Bb1 a4 45. Qc2 a3 46. h4 Qd4 47. Qe4 Qg1+ 48. Kd2 Qf2+ 49. Kd1 Qxh4 50. c5 Qh1+ 51. Kc2 Qg1 52. c6 Qc5+ 53. Kb3 Qc3+ 54. Ka4 Bd6 55. Bc2 Qb2 56. Bb3 Qd2 57. Qc4 Qe3 58. Qa6 Qc5 0-1

[Event "Titled Tuesday intern op 02nd Nov"]
[Site "Chess.com INT"]
[Date "2021.11.02"]
[Round "6"]
[White "Harris, Ian"]
[Black "Vovk, Orest"]
[Result "0-1"]
[WhiteElo "2177"]
[BlackElo "2315"]
[PlyCount "72"]
[EventDate "2021.11.02"]
[EventType "swiss (blitz)"]
[EventRounds "11"]
[EventCountry "USA"]
[SourceTitle "CBM 205 Extra"]
[Source "ChessBase"]
[SourceDate "2022.01.31"]
[SourceVersion "1"]
[SourceVersionDate "2022.01.31"]
[SourceQuality "1"]

1. e4 Nc6 2. Nf3 d5 3. exd5 Qxd5 4. d4 Bg4 5. Be2 0-0-0 6. c4 Qh5 7. d5 e6 8. Nc3 Bb4 9. Bd2 Bxc3 10. Bxc3 Nf6 11. Bxf6 gxf6 12. h3 exd5 13. 0-0 Bxh3 14. Nh2 Qg6 15. Bg4+ Bxg4 16. Qxg4+ f5 17. Qh3 Nd4 18. cxd5 Ne2+ 19. Kh1 Nf4 20. Qf3 Nxd5 21. Rad1 c6 22. Rc1 h5 23. Rfe1 Rhe8 24. Nf1 Rxe1 25. Rxe1 Qg4 26. Re5 Qxf3 27. gxf3 f4 28. Rxh5 Re8 29. Rf5 f6 30. Kg2 Re2 31. Nh2 Ne3+ 32. Kh3 Nxf5 33. Kg4 Nd6 34. Kxf4 Rxf2 35. Ng4 Rxb2 36. Nxf6 Rxa2 0-1

[Event "Titled Tuesday intern op 02nd Nov"]
[Site "Chess.com INT"]
[Date "2021.11.02"]
[Round "1"]
[White "Zaragatski, Ilja"]
[Black "Harris, Ian"]
[Result "1-0"]
[WhiteElo "2522"]
[BlackElo "2177"]
[PlyCount "139"]
[EventDate "2021.11.02"]
[EventType "swiss (blitz)"]
[EventRounds "11"]
[EventCountry "USA"]
[SourceTitle "CBM 205 Extra"]
[Source "ChessBase"]
[SourceDate "2022.01.31"]
[SourceVersion "1"]
[SourceVersionDate "2022.01.31"]
[SourceQuality "1"]

1. d4 d5 2. Nc3 Nf6 3. Bf4 c6 4. e3 Bf5 5. f3 e6 6. g4 Bg6 7. h4 h5 8. g5 Ng8 9. Bd3 Bxd3 10. Qxd3 Bd6 11. g6 f6 12. Nge2 Ne7 13. 0-0-0 Qc7 14. Bxd6 Qxd6 15. e4 Nd7 16. f4 0-0-0 17. e5 Qc7 18. Ng3 f5 19. Rhg1 Rh6 20. Qe2 Rdh8 21. Nf1 Nxg6 22. Qf2 Ndf8 23. Nh2 R8h7 24. Rg2 Ne7 25. Rdg1 g6 26. Nf3 Rh8 27. Ng5 Qd7 28. Nf7 R8h7 29. Nxh6 Rxh6 30. Ne2 Qc7 31. Qg3 Rh7 32. Qg5 Nd7 33. c3 c5 34. Kb1 b5 35. dxc5 Nxc5 36. Nd4 Qd7 37. Qf6 Kc7 38. Rxg6 Nxg6 39. Rxg6 Rf7 40. Nxe6+ Nxe6 41. Qxe6 Qxe6 42. Rxe6 Rg7 43. Rf6 Rg4 44. Rxf5 Rxh4 45. Kc2 Rh1 46. Kd3 h4 47. Rh5 Rh2 48. b4 Kd7 49. f5 Rf2 50. Ke3 Rf1 51. Rxh4 Rxf5 52. Kd4 Rf2 53. Kxd5 Rxa2 54. Rh7+ Ke8 55. Ke6 Kd8 56. Rh8+ Kc7 57. Kf7 Rc2 58. Rh3 Rf2+ 59. Ke7 Kc6 60. e6 Re2 61. Kf7 Kd6 62. Rd3+ Kc7 63. e7 Rf2+ 64. Ke8 a6 65. Rd5 Rf3 66. Rc5+ Kb7 67. Kd7 Rd3+ 68. Ke6 Re3+ 69. Re5 Rxc3 70. e8Q 1-0

[Event "Titled Tuesday intern op 26th Oct"]
[Site "Chess.com INT"]
[Date "2021.10.26"]
[Round "9"]
[White "De Souza, Cristiano Gomes"]
[Black "Harris, Ian"]
[Result "0-1"]
[WhiteElo "2018"]
[BlackElo "2177"]
[PlyCount "78"]
[EventDate "2021.10.26"]
[EventType "swiss (blitz)"]
[EventRounds "11"]
[EventCountry "USA"]
[SourceTitle "CBM 204 Extra"]
[Source "ChessBase"]
[SourceDate "2021.11.30"]
[SourceVersion "1"]
[SourceVersionDate "2021.11.30"]
[SourceQuality "1"]

1. d4 d5 2. c4 c6 3. Nf3 e6 4. Nc3 f5 5. Bf4 Nf6 6. e3 Bd6 7. Bxd6 Qxd6 8. Ne5 Nbd7 9. f4 0-0 10. Be2 b6 11. 0-0 Bb7 12. Rc1 a6 13. Bf3 Rac8 14. a3 Rfd8 15. Qe1 c5 16. cxd5 Nxd5 17. Nxd5 Bxd5 18. Nxd7 Rxd7 19. dxc5 Rxc5 20. Rxc5 Qxc5 21. Qe2 Bc4 22. Rc1 Bxe2 23. Rxc5 bxc5 24. Bxe2 Rd2 25. Bxa6 Rxb2 26. h3 Kf8 27. a4 Ra2 28. Bc4 Rxa4 29. Bxe6 g6 30. Kf2 Ke7 31. Bg8 h5 32. Kf3 c4 33. g4 hxg4+ 34. hxg4 c3 35. Bb3 Rb4 36. Bc2 Rb2 37. Bd3 c2 38. Bxc2 Rxc2 39. gxf5 gxf5 0-1

[Event "Titled Tuesday intern op 26th Oct"]
[Site "Chess.com INT"]
[Date "2021.10.26"]
[Round "10"]
[White "Harris, Ian"]
[Black "Chernomordik, Pavel"]
[Result "0-1"]
[WhiteElo "2177"]
[BlackElo "2182"]
[PlyCount "82"]
[EventDate "2021.10.26"]
[EventType "swiss (blitz)"]
[EventRounds "11"]
[EventCountry "USA"]
[SourceTitle "CBM 204 Extra"]
[Source "ChessBase"]
[SourceDate "2021.11.30"]
[SourceVersion "1"]
[SourceVersionDate "2021.11.30"]
[SourceQuality "1"]

1. e4 g6 2. h4 d5 3. e5 Bg7 4. d4 c5 5. c3 f6 6. h5 fxe5 7. hxg6 hxg6 8. Rxh8 Bxh8 9. dxe5 Bxe5 10. Nf3 Bg7 11. Bd3 Qd6 12. Qc2 Nc6 13. Bxg6+ Kd8 14. Bf7 Nh6 15. Bxh6 Bxh6 16. Qg6 Qxg6 17. Bxg6 Bg4 18. Nbd2 Kc7 19. Kf1 e5 20. Nh2 Be6 21. Ndf3 e4 22. Ne1 Ne5 23. Bh5 Rf8 24. Kg1 Bd2 25. Rd1 e3 26. fxe3 Bxe3+ 27. Kh1 Rh8 28. Be2 Bf4 29. Nef3 Ng4 30. g3 Bxg3 31. Kg2 Bxh2 32. Rh1 Ne3+ 33. Kf2 Bg3+ 34. Kxg3 Rxh1 35. Bd3 Rd1 36. Bh7 Bf5 37. Bg8 Be4 38. Ne5 Rg1+ 39. Kf4 Rxg8 40. Kxe3 Rg2 41. c4 Rxb2 0-1

[Event "Titled Tuesday intern op 19th Oct"]
[Site "Chess.com INT"]
[Date "2021.10.19"]
[Round "11"]
[White "Ferreira, Vitor Hugo Vieira"]
[Black "Harris, Ian"]
[Result "1-0"]
[WhiteElo "2123"]
[BlackElo "2177"]
[PlyCount "83"]
[EventDate "2021.10.19"]
[EventType "swiss (blitz)"]
[EventRounds "11"]
[EventCountry "USA"]
[SourceTitle "CBM 204 Extra"]
[Source "ChessBase"]
[SourceDate "2021.11.30"]
[SourceVersion "1"]
[SourceVersionDate "2021.11.30"]
[SourceQuality "1"]

1. e4 e5 2. Nf3 Nc6 3. Bc4 Nf6 4. d3 Bc5 5. c3 0-0 6. Bb3 d5 7. Qe2 h6 8. 0-0 Re8 9. Nbd2 Bg4 10. h3 Bh5 11. Re1 d4 12. Nf1 Qd7 13. Ng3 Bg6 14. Nh4 Kh7 15. Nxg6 fxg6 16. Kh2 Rad8 17. Bc2 Rf8 18. f4 dxc3 19. bxc3 exf4 20. Bxf4 Ng4+ 21. hxg4 Rxf4 22. d4 Be7 23. e5 Rxg4 24. e6 Rh4+ 25. Kg1 Qd5 26. Qd3 Qg5 27. Re3 Bd6 28. Rf1 Ne7 29. Rf7 Re8 30. Ne4 Bh2+ 31. Kf1 Rf4+ 32. Ke1 Qh4+ 33. g3 Bxg3+ 34. Nxg3 Rg4 35. Kd2 Nd5 36. Nf5 Qg5 37. Nxg7 Nxe3 38. Nxe8+ Kh8 39. Rf8+ Kh7 40. Nf6+ Kg7 41. Rf7+ Kh8 42. Rh7# 1-0

[Event "Titled Tuesday intern op 19th Oct"]
[Site "Chess.com INT"]
[Date "2021.10.19"]
[Round "3"]
[White "Harris, Ian"]
[Black "Stromboli, Ettore"]
[Result "1-0"]
[WhiteElo "2177"]
[BlackElo "2308"]
[PlyCount "51"]
[EventDate "2021.10.19"]
[EventType "swiss (blitz)"]
[EventRounds "11"]
[EventCountry "USA"]
[SourceTitle "CBM 204 Extra"]
[Source "ChessBase"]
[SourceDate "2021.11.30"]
[SourceVersion "1"]
[SourceVersionDate "2021.11.30"]
[SourceQuality "1"]

1. e4 e6 2. d4 d5 3. Nc3 Bb4 4. Nge2 c5 5. a3 Ba5 6. dxc5 dxe4 7. Qxd8+ Kxd8 8. b4 Bc7 9. Nxe4 Be5 10. Bg5+ f6 11. 0-0-0+ Ke7 12. Be3 Nc6 13. f4 Bc7 14. g3 Nh6 15. Bg2 Nf5 16. Bf2 h5 17. h3 Bd7 18. g4 hxg4 19. hxg4 Nh6 20. Bf3 Nf7 21. Bh4 a6 22. g5 fxg5 23. Nxg5 Nxg5 24. Bxg5+ Kf7 25. Rxd7+ Kg6 26. Be4# 1-0

[Event "Titled Tuesday intern op 19th Oct"]
[Site "Chess.com INT"]
[Date "2021.10.19"]
[Round "4"]
[White "Lagunow, Raphael"]
[Black "Harris, Ian"]
[Result "1/2-1/2"]
[WhiteElo "2385"]
[BlackElo "2177"]
[PlyCount "78"]
[EventDate "2021.10.19"]
[EventType "swiss (blitz)"]
[EventRounds "11"]
[EventCountry "USA"]
[SourceTitle "CBM 204 Extra"]
[Source "ChessBase"]
[SourceDate "2021.11.30"]
[SourceVersion "1"]
[SourceVersionDate "2021.11.30"]
[SourceQuality "1"]

1. e4 e5 2. Nf3 Nc6 3. Bc4 Nf6 4. Ng5 d5 5. exd5 b5 6. Bf1 Nd4 7. c3 h6 8. cxd4 hxg5 9. dxe5 Nxd5 10. d4 a6 11. Nc3 Bb7 12. Bd2 c5 13. Nxd5 Qxd5 14. Be3 cxd4 15. Qxd4 Qxd4 16. Bxd4 Bb4+ 17. Bc3 Bxc3+ 18. bxc3 Rc8 19. Kd2 Ke7 20. Re1 Rhd8+ 21. Kc2 b4 22. c4 a5 23. f3 Ba6 24. Re4 Bb7 25. Re3 Rd4 26. Be2 Ba6 27. Rd1 Rxd1 28. Kxd1 Bxc4 29. Bxc4 Rxc4 30. Kd2 Ke6 31. a3 bxa3 32. Rxa3 a4 33. Kd3 Rb4 34. Kc3 Rb3+ 35. Rxb3 axb3 36. Kxb3 Kxe5 37. Kc3 Kf4 38. Kd3 g4 39. fxg4 Kxg4 1/2-1/2

[Event "Titled Tuesday intern op 12th Oct"]
[Site "Chess.com INT"]
[Date "2021.10.12"]
[Round "3"]
[White "Harris, Ian"]
[Black "Khademalsharieh, Sarasadat"]
[Result "0-1"]
[WhiteElo "2177"]
[BlackElo "2488"]
[PlyCount "130"]
[EventDate "2021.10.12"]
[EventType "swiss (blitz)"]
[EventRounds "11"]
[EventCountry "USA"]
[SourceTitle "EXT 2023"]
[Source "ChessBase"]
[SourceDate "2022.10.05"]
[SourceVersion "1"]
[SourceVersionDate "2022.10.05"]
[SourceQuality "1"]

1. e4 e5 2. Nf3 Nc6 3. d4 exd4 4. Bc4 Bc5 5. 0-0 d6 6. c3 d3 7. Qxd3 Nf6 8. Bg5 h6 9. Bh4 Bg4 10. Nbd2 Ne5 11. Nxe5 dxe5 12. Qc2 g5 13. Bg3 Bd6 14. h3 Bc8 15. Nf3 Qe7 16. Rad1 Nh5 17. Bh2 Nf4 18. Rfe1 Qf6 19. Bxf4 gxf4 20. Kh2 Rg8 21. Bb5+ Ke7 22. Bf1 Be6 23. c4 Bc5 24. a3 a5 25. Rd2 Rad8 26. Rxd8 Rxd8 27. Qc3 Bxf2 28. Rc1 Be3 29. Re1 b6 30. Qxe5 Qxe5 31. Nxe5 Rd2 32. b4 a4 33. c5 bxc5 34. bxc5 Bxc5 35. Bb5 Bd6 36. Nc6+ Kf8 37. e5 Bxa3 38. Bxa4 Bc5 39. Rc1 Bb6 40. Rd1 Ra2 41. Rd8+ Kg7 42. Bb5 f3 43. Bf1 Ra1 44. Bd3 f2 45. Ne7 f5 46. exf6+ Kxf6 47. Ng8+ Bxg8 48. Rxg8 Ke7 49. Rg7+ Kd6 50. Rf7 Bd4 51. Be4 f1Q 52. Rxf1 Rxf1 53. Bf3 Rxf3 54. gxf3 Ke5 55. Kg3 Be3 56. Kg4 Bf4 57. Kh5 c5 58. Kg6 c4 59. Kh5 c3 60. h4 c2 61. Kg4 c1Q 62. Kh5 Qc8 63. Kg6 Qg8+ 64. Kh5 Qf7+ 65. Kg4 Qf5# 0-1

[Event "Titled Tuesday intern op 12th Oct"]
[Site "Chess.com INT"]
[Date "2021.10.12"]
[Round "7"]
[White "Harris, Ian"]
[Black "Prohorov, Olexandr"]
[Result "1-0"]
[WhiteElo "2177"]
[BlackElo "2086"]
[PlyCount "61"]
[EventDate "2021.10.12"]
[EventType "swiss (blitz)"]
[EventRounds "11"]
[EventCountry "USA"]
[SourceTitle "EXT 2023"]
[Source "ChessBase"]
[SourceDate "2022.10.05"]
[SourceVersion "1"]
[SourceVersionDate "2022.10.05"]
[SourceQuality "1"]

1. e4 e6 2. d4 d5 3. Nc3 Nc6 4. Nge2 Nf6 5. e5 Nd7 6. f4 f6 7. Be3 Be7 8. f5 exf5 9. Nxd5 fxe5 10. dxe5 Ndxe5 11. Nef4 0-0 12. Be2 g5 13. Nxe7+ Qxe7 14. Nd5 Qg7 15. 0-0 Be6 16. c4 Rad8 17. Qb3 Na5 18. Qb5 c6 19. Qxa5 cxd5 20. cxd5 Rxd5 21. Qxa7 f4 22. Bd4 Rfd8 23. Bc3 Qd7 24. Rae1 Nc6 25. Qb6 Rf8 26. Bf3 Rd6 27. Qb5 Nd4 28. Qxg5+ Kh8 29. Qe5+ Kg8 30. Bxd4 Rxd4 31. Qxe6+ 1-0

[Event "Titled Tuesday intern op 05th Oct"]
[Site "Chess.com INT"]
[Date "2021.10.05"]
[Round "8"]
[White "Budrewicz, Krzysztof"]
[Black "Harris, Ian"]
[Result "0-1"]
[WhiteElo "2183"]
[BlackElo "2177"]
[PlyCount "68"]
[EventDate "2021.10.05"]
[EventType "swiss (blitz)"]
[EventRounds "11"]
[EventCountry "USA"]
[SourceTitle "CBM 204 Extra"]
[Source "ChessBase"]
[SourceDate "2021.11.30"]
[SourceVersion "1"]
[SourceVersionDate "2021.11.30"]
[SourceQuality "1"]

1. e4 e5 2. f4 Nc6 3. Nf3 f5 4. d4 fxe4 5. Nxe5 Nf6 6. d5 Ne7 7. d6 cxd6 8. Qxd6 Nf5 9. Qd1 Bc5 10. b4 Bxb4+ 11. c3 Bc5 12. Qb3 Qb6 13. Qf7+ Kd8 14. Na3 Rf8 15. Nac4 Qc7 16. g4 Rxf7 17. Nxf7+ Ke7 18. Nfe5 d5 19. gxf5 dxc4 20. Bxc4 Bd6 21. Bb2 Bxe5 22. fxe5 Qxc4 23. exf6+ Kxf6 24. 0-0-0 Bxf5 25. Rd4 Qe2 26. Rhd1 e3 27. Rd6+ Kf7 28. Rd7+ Bxd7 29. Rxd7+ Ke6 30. Rd4 Qe1+ 31. Kc2 Qf2+ 32. Kb3 e2 33. Re4+ Kf5 34. Re7 e1Q 0-1

[Event "Titled Tuesday intern op 05th Oct"]
[Site "Chess.com INT"]
[Date "2021.10.05"]
[Round "5"]
[White "Sailer, Mike L"]
[Black "Harris, Ian"]
[Result "1/2-1/2"]
[WhiteElo "2109"]
[BlackElo "2177"]
[PlyCount "91"]
[EventDate "2021.10.05"]
[EventType "swiss (blitz)"]
[EventRounds "11"]
[EventCountry "USA"]
[SourceTitle "CBM 204 Extra"]
[Source "ChessBase"]
[SourceDate "2021.11.30"]
[SourceVersion "1"]
[SourceVersionDate "2021.11.30"]
[SourceQuality "1"]

1. d4 d5 2. Nf3 c6 3. Bf4 Bf5 4. e3 Nd7 5. Be2 Qb6 6. b3 e6 7. 0-0 Ngf6 8. Nbd2 h6 9. c4 g5 10. Be5 Nxe5 11. Nxe5 Qc7 12. a4 Bd6 13. f4 gxf4 14. exf4 0-0-0 15. c5 Bxe5 16. fxe5 Ne4 17. Nxe4 dxe4 18. b4 Qd7 19. b5 Qxd4+ 20. Qxd4 Rxd4 21. bxc6 bxc6 22. Ba6+ Kc7 23. Rfb1 Rb8 24. Rxb8 Kxb8 25. Rb1+ Kc7 26. Rb7+ Kd8 27. Rxa7 Rxa4 28. Ra8+ Ke7 29. Bb7 Rxa8 30. Bxa8 Kd7 31. Bb7 e3 32. Ba6 Bg4 33. h3 Bd1 34. Kf1 Ke7 35. Ke1 Bb3 36. Ke2 Bd5 37. g3 f6 38. exf6+ Kxf6 39. Kxe3 Bg2 40. h4 Ke5 41. Bc4 Bd5 42. Bd3 Bb3 43. Be4 Bd5 44. Bd3 Bg2 45. Bc4 Bd5 46. Bd3 1/2-1/2

[Event "Titled Tuesday intern op 27th Apr"]
[Site "Chess.com INT"]
[Date "2021.04.27"]
[Round "1"]
[White "Harris, Ian"]
[Black "Aghayev, Miragha"]
[Result "0-1"]
[WhiteElo "2181"]
[BlackElo "2392"]
[PlyCount "124"]
[EventDate "2021.04.27"]
[EventType "swiss (blitz)"]
[EventRounds "11"]
[EventCountry "USA"]
[SourceTitle "CBM 202 Extra"]
[Source "ChessBase"]
[SourceDate "2021.07.31"]
[SourceVersion "1"]
[SourceVersionDate "2021.07.31"]
[SourceQuality "1"]

1. d4 Nf6 2. Bf4 d5 3. e3 c5 4. c3 Nc6 5. Nd2 e6 6. Bd3 Bd6 7. Bxd6 Qxd6 8. f4 Bd7 9. a3 Ne7 10. Ngf3 Qb6 11. b4 c4 12. Bc2 Ng4 13. Qe2 Nf5 14. Bxf5 exf5 15. a4 0-0 16. h3 Nf6 17. Ne5 Qe6 18. 0-0 Ne8 19. Rfe1 f6 20. Nef3 Nd6 21. Nf1 a5 22. b5 Rfe8 23. Ra2 Re7 24. N3d2 Be8 25. Qf3 Bf7 26. Kh2 Qd7 27. Nb1 Qe8 28. g4 fxg4 29. hxg4 f5 30. Rg2 fxg4 31. Qxg4 Be6 32. Qf3 Bf5 33. Nbd2 Ne4 34. Rc1 Re6 35. Ng3 Nxg3 36. Rxg3 Qe7 37. Qxd5 Qh4+ 38. Kg2 Rf8 39. Rh1 Qf6 40. e4 Bg6 41. f5 Bxf5 42. exf5 Qxf5 43. Qxf5 Rxf5 44. Nf3 Re2+ 45. Kh3 Re3 46. Kg4 Rf6 47. Rf1 Rxc3 48. Nd2 Rxg3+ 49. Kxg3 Rg6+ 50. Kf3 c3 51. Ne4 Rh6 52. Ke3 Rh3+ 53. Rf3 Rxf3+ 54. Kxf3 c2 55. d5 c1Q 56. d6 Qd1+ 57. Kf4 Qd5 58. Ke3 Kf7 59. Kf4 Ke6 60. b6 Qe5+ 61. Kf3 Kd5 62. Nc3+ Qxc3+ 0-1

[Event "Titled Tuesday intern op 27th Apr"]
[Site "Chess.com INT"]
[Date "2021.04.27"]
[Round "4"]
[White "Harris, Ian"]
[Black "Lizlov, Alexey"]
[Result "0-1"]
[WhiteElo "2181"]
[BlackElo "2304"]
[PlyCount "46"]
[EventDate "2021.04.27"]
[EventType "swiss (blitz)"]
[EventRounds "11"]
[EventCountry "USA"]
[SourceTitle "CBM 202 Extra"]
[Source "ChessBase"]
[SourceDate "2021.07.31"]
[SourceVersion "1"]
[SourceVersionDate "2021.07.31"]
[SourceQuality "1"]

1. d4 Nf6 2. Bf4 g6 3. Nc3 Bg7 4. Qd2 d5 5. 0-0-0 0-0 6. Bh6 Nbd7 7. h4 c5 8. Bxg7 Kxg7 9. dxc5 Nxc5 10. Nxd5 Nce4 11. Qd4 e5 12. Qxe5 Nxf2 13. h5 h6 14. hxg6 Nxd1 15. Qf4 fxg6 16. Qxh6+ Kf7 17. Nxf6 Qxf6 18. Nf3 Nf2 19. Ng5+ Ke8 20. Rh4 Bf5 21. e4 Qd4 22. Bd3 Qe3+ 23. Kb1 Qe1# 0-1